Elizabeth Olsen Movies - Statistics

General Stats
  • This quiz has been taken 37 times
    18 since last reset
  • The average score is 14 of 24
Answer Stats
Year Movie % Correct
2015 Avengers: Age of Ultron
88%
2019 Avengers: Endgame
88%
2018 Avengers: Infinity War
88%
2016 Captain America: Civil War
82%
2014 Godzilla
71%
2017 Wind River
71%
2017 Ingrid Goes West
65%
2011 Martha Marcy May Marlene
65%
2013 Oldboy
65%
2011 Silent House
65%
2023 His Three Daughters
59%
2022 Doctor Strange in the Multiverse of Madness
59%
2012 Red Lights
59%
TBD The Assessment
59%
2013 Very Good Girls
59%
2014 Captain America: The Winter Soldier
53%
2013 In Secret
53%
2017 Kodachrome
53%
2015 I Saw the Light
47%
2013 Kill Your Darlings
47%
1994 How the West Was Fun
41%
2012 Liberal Arts
41%
2011 Peace, Love & Misunderstanding
41%
TBD Love Child
24%
No matching quizzes found
Score Distribution
Percent of People with Each Score
Percentile by Number Answered
Your Score History
You have not taken this quiz since the last reset